000 01004nam a22003137a 4500
003 CHAP
005 20220329133012.0
008 971013s1984 r 00010 d
010 _a1146
011 _a2118
035 _a1309
040 _cCHAP
082 _a636.0877
_bW5
100 0 0 _aWiseman, Julian.
_9122333
245 _aFats in animal nutrition
_b: proceeding
260 _aLondon :
_bButerworths,
_c1984
300 _a521 p.
_b; gráfs.
500 _a40-144
590 _aBATCH-UPD
_b10
_c20130110
_lUCH01
_h0058
590 _aBATCH-UPD
_b10
_c20130110
_lUCH01
_h1944
590 _aBATCH-UPD
_b10
_c20130410
_lUCH01
_h1307
590 _aBATCH-UPD
_b10
_c20130914
_lUCH01
_h1552
590 _aCONVERSION
_b10
_c20130109
_lUCH01
_h1302
650 1 4 _aGrasas y aceites en nutrición animal.
_950455
901 _aBK
942 _cLIBRO
949 _a636.0877 W5
_bBC
_cLIBRO
_d33724000275277
_eLIBRO
_gI. 151814
_h78378
_i1309
_si
_t446.00
949 _a636.0877 W5
_bZ
_cLIBRO
_d-389
_eLIBRO
_gI.148698
_h612
_i1309
_si
999 _c1146
_d1146